书目信息 |
| 题名: |
电工基础
|
|
| 作者: | 谭恩鼎 主编 | |
| 分册: | 上册 | |
| 出版信息: | 北京 高等教育出版社 1985 |
|
| 页数: | 574页 | |
| 开本: | 20cm | |
| 丛书名: | ||
| 单 册: | ||
| 中图分类: | TM1 | |
| 科图分类: | ||
| 主题词: | 电工--理论 | |
| 电子资源: | ||
| ISBN: | ||
| 000 | 00653nam0 2200241 45 | |
| 001 | 0185020252 | |
| 005 | 20060419144304.45 | |
| 010 | @dCNY3.25 | |
| 091 | @a15010.0610 | |
| 100 | @a19900923d1985 em y0chiy0121 ea | |
| 101 | 0 | @achi |
| 102 | @aCN@b110000 | |
| 105 | @ay z 000yy | |
| 200 | 10 | @a电工基础@Adian gong ji chu@h上册@f谭恩鼎主编@Ftan en ding zhu bian |
| 210 | @a北京@c高等教育出版社@d1985 | |
| 215 | @a574页@d20cm | |
| 300 | @a中等专业学校试用教材 | |
| 606 | 0 | @a电工@x理论 |
| 690 | @aTM1 | |
| 701 | 0 | @a谭恩鼎@Atan en ding@4主编 |
| 801 | 2 | @aCN@bNLC@c20060419 |
| 801 | 0 | @aCN@b深圳图书馆@c20040525 |
| 905 | @f1@b137636@dTM1@e108:1 | |
| 电工基础.上册/谭恩鼎主编.-北京:高等教育出版社,1985 |
| 574页;20cm |
| 中等专业学校试用教材 |
| ISBN :CNY3.25 |
| ● |
| 相关链接 |
|
|
|
|
正题名:电工基础
索取号:TM1/108:1
 
预约/预借
| 序号 | 登录号 | 条形码 | 馆藏地/架位号 | 状态 | 备注 |
| 1 | 0137636 | 000801029 | 第三借阅区/ [索取号:TM1/108:1] | 在馆 | |
| 2 | 0137638 | 202267055 | 密集书库/ [索取号:TM1/108:1] | 在馆 | |
| 3 | 0137640 | 000800967 | 第二样本阅览室/ [索取号:TM1/108:1] | 在馆 |